000 00582nam a22001937a 4500
999 _c191341
_d191341
005 20220825122224.0
010 _aENG-134680
020 _c300.00
_a9788170546856
035 _aEN-118212
037 _bDBAD/PUB
082 _a372.110
100 _aSingh, Anju
245 _aPrimary Education and Job Satisfaction/
_cAnju singh and U.S.Singh
260 _aNew Delhi
_bClassical Publishing Company
_c2016
270 _a28,Shopping Centre,Karam Pura
_bNew Delhi
_e110015
300 _a127 p.
_c22cm(hbk)
700 _aSingh,U.S
942 _2ddc
_cEN
_h372.110
_mANJ